[Event "2. Bundesliga West 2010/11"]
[Site "Salzburg"]
[Date "2011.03.11"]
[Round "9"]
[Board "1"]
[White "Dizdar, Goran"]
[Black "Baldauf, Marco"]
[Result "1/2-1/2"]
[WhiteElo "2555"]
[BlackElo "2363"]
[PlyCount "109"]
[EventDate "2010.10.15"]
[EventType "team"]
[EventRounds "11"]
[EventCountry "AUT"]
[WhiteTeam "SC Absam"]
[BlackTeam "Hohenems II"]

1.Nf3 Nf6 2.g3 d5 3.Bg2 e6 4.O-O Be7 5.c4 O-O 6.b3 c5 7.e3 b6 8.Bb2 Bb7 9.Nc3
dxc4 10.bxc4 Nc6 11.Qe2 Na5 12.Ne1 Bxg2 13.Nxg2 Qd7 14.Rfd1 Rfd8 15.Ne1 a6
16.Rab1 Rab8 17.Ba1 Ne8 18.Nf3 Qd3 19.Qxd3 Rxd3 20.Ne5 Rdd8 21.d3 f6 22.Nf3 Nc7
23.a4 Nc6 24.Kf1 Ne8 25.Ke2 Nb4 26.Rd2 Kf7 27.Na2 a5 28.Nc3 h5 29.Nb5 Nd6 30.h3
Rd7 31.Rc1 Rc8 32.g4 hxg4 33.hxg4 Rcd8 34.Rcd1 Bf8 35.Bc3 Be7 36.Ba1 Bf8 37.Bc3
Be7 38.g5 Nf5 39.e4 Nd4+ 40.Nbxd4 cxd4 41.Bxb4 axb4 42.gxf6 Kxf6 43.Rb1 Ra7
44.Rdb2 Rxa4 45.Ne1 Rda8 46.Nc2 Ke5 47.Nxb4 Bxb4 48.Rxb4 Rxb4 49.Rxb4 Kf4
50.Rxb6 Ra2+ 51.Ke1 Ra1+ 52.Ke2 Ra2+ 53.Ke1 Ra1+ 54.Kd2 Ra2+ 55.Ke1 1/2-1/2

[Event "2. Bundesliga West 2010/11"]
[Site "Salzburg"]
[Date "2011.03.11"]
[Round "9"]
[Board "2"]
[White "Atlas, Dimitry"]
[Black "Schmittdiel, Eckhard"]
[Result "1/2-1/2"]
[WhiteElo "2344"]
[BlackElo "2485"]
[PlyCount "59"]
[EventDate "2010.10.15"]
[EventType "team"]
[EventRounds "11"]
[EventCountry "AUT"]
[WhiteTeam "Hohenems II"]
[BlackTeam "SC Absam"]

1.e4 e6 2.d4 d5 3.e5 c5 4.c3 Bd7 5.Nf3 Nc6 6.Be2 Nge7 7.Na3 Nf5 8.Nc2 f6 9.O-O
cxd4 10.Ncxd4 Nfxd4 11.cxd4 Be7 12.a3 O-O 13.b4 Rc8 14.Bb2 f5 15.Nd2 Nb8 16.Rc1
Rxc1 17.Qxc1 Qb6 18.Nb3 Rc8 19.Nc5 Bb5 20.Qd2 Na6 21.Rc1 Nxc5 22.dxc5 Qa6 23.Bd1
Bc4 24.a4 Qc6 25.Bd4 Qc7 26.Be2 Bxe2 27.Qxe2 a6 28.f4 Qd7 29.b5 axb5 30.axb5 1/2-1/2

[Event "2. Bundesliga West 2010/11"]
[Site "Salzburg"]
[Date "2011.03.11"]
[Round "9"]
[Board "3"]
[White "Pilz, Dieter"]
[Black "Burschowsky, Matthias"]
[Result "1-0"]
[WhiteElo "2323"]
[BlackElo "2208"]
[PlyCount "81"]
[EventDate "2010.10.15"]
[EventType "team"]
[EventRounds "11"]
[EventCountry "AUT"]
[WhiteTeam "SC Absam"]
[BlackTeam "Hohenems II"]

1.e4 c5 2.Nf3 e6 3.Nc3 a6 4.a4 b6 5.g3 Bb7 6.Bg2 d6 7.O-O Nf6 8.Re1 Be7 9.d4
cxd4 10.Nxd4 Qc7 11.Bf4 O-O 12.Nb3 Nbd7 13.Qd2 Rfd8 14.Rad1 Ne5 15.Qe2 Nfd7
16.Bc1 Rac8 17.f4 Nc4 18.f5 Bf6 19.fxe6 fxe6 20.Bh3 Nf8 21.Nd4 Qc5 22.Qf2 Re8
23.Re2 Qh5 24.Bg2 Ne5 25.h3 Rc4 26.g4 Qg6 27.Nb3 h5 28.g5 Bd8 29.Rxd6 Nfd7
30.Red2 Rf8 31.Qe2 Bxg5 32.Rxd7 Bf4 33.Rd8 Bxd2 34.Rxf8+ Kxf8 35.Bxd2 Rc8 36.Be3
Nc4 37.Bxb6 Nxb2 38.Bd4 Nc4 39.Bc5+ Kg8 40.Qxc4 Rd8 41.Ne2 1-0

[Event "2. Bundesliga West 2010/11"]
[Site "Salzburg"]
[Date "2011.03.11"]
[Round "9"]
[Board "4"]
[White "Medwed, Kai"]
[Black "De, Francesco Klaus"]
[Result "0-1"]
[WhiteElo "1964"]
[BlackElo "2290"]
[PlyCount "86"]
[EventDate "2010.10.15"]
[EventType "team"]
[EventRounds "11"]
[EventCountry "AUT"]
[WhiteTeam "Hohenems II"]
[BlackTeam "SC Absam"]

1.e4 e6 2.d4 d5 3.Nd2 Nf6 4.e5 Nfd7 5.f4 c5 6.c3 Nc6 7.Ndf3 Qb6 8.g3 a5 9.Bh3 a4
10.Ne2 cxd4 11.cxd4 Bb4+ 12.Kf2 a3 13.b3 Ndb8 14.Be3 Na6 15.Rf1 Bd7 16.Ne1 Be7
17.Kg2 O-O-O 18.Nc2 Kb8 19.Nc3 Rc8 20.Nxd5 exd5 21.Bxd7 Rc7 22.Bg4 Ncb4 23.Rf2
h5 24.Bf3 h4 25.f5 Rhc8 26.Nxb4 Nxb4 27.Rc1 Rc3 28.Bd2 h3+ 29.Kxh3 Nd3 30.Rf1
Rxc1 31.Bxc1 Nxc1 32.Bxd5 Nxa2 33.Qd2 Nb4 34.Bxf7 Nc6 35.Rd1 Rd8 36.f6 gxf6
37.exf6 Bd6 38.Be6 Qb4 39.Qd3 Qa5 40.d5 Nb4 41.Qf5 a2 42.Ra1 Qc5 43.f7 Nc2 0-1

[Event "2. Bundesliga West 2010/11"]
[Site "Salzburg"]
[Date "2011.03.11"]
[Round "9"]
[Board "6"]
[White "Nussbaumer, Laslo"]
[Black "Gerhold, Michael"]
[Result "0-1"]
[WhiteElo "1807"]
[BlackElo "2237"]
[PlyCount "64"]
[EventDate "2010.10.15"]
[EventType "team"]
[EventRounds "11"]
[EventCountry "AUT"]
[WhiteTeam "Hohenems II"]
[BlackTeam "SC Absam"]

1.e4 c5 2.Nf3 Nc6 3.d4 cxd4 4.Nxd4 Nf6 5.Nc3 e5 6.Ndb5 d6 7.Bg5 a6 8.Na3 b5
9.Nd5 Be7 10.Bxf6 Bxf6 11.c3 O-O 12.Nc2 Rb8 13.Bd3 Be6 14.Ncb4 Nxb4 15.Nxb4 Qb6
16.O-O a5 17.Nd5 Bxd5 18.exd5 g6 19.a4 b4 20.Bb5 bxc3 21.bxc3 Qc5 22.c4 Bd8
23.Kh1 f5 24.f4 e4 25.g4 Bb6 26.Ra2 Rb7 27.Rg2 Re7 28.h4 Qe3 29.Re1 Qh3+ 30.Rh2
Qxg4 31.Qd2 e3 32.Qe2 Qxf4 0-1

[Event "2. Bundesliga West 2010/11"]
[Site "Salzburg"]
[Date "2011.03.11"]
[Round "9"]
[Board "1"]
[White "Heinzel, Olaf"]
[Black "Sergeev, Vladimir"]
[Result "0-1"]
[WhiteElo "2327"]
[BlackElo "2486"]
[PlyCount "60"]
[EventDate "2010.10.15"]
[EventType "team"]
[EventRounds "11"]
[EventCountry "AUT"]
[WhiteTeam "Rochade Rum"]
[BlackTeam "Dornbirn"]

1.d4 Nf6 2.Nf3 d6 3.h3 c5 4.dxc5 Qa5+ 5.Nc3 Qxc5 6.e4 a6 7.Bd3 e6 8.Be3 Qc7
9.O-O Be7 10.a4 b6 11.Nd4 Nbd7 12.f4 Bb7 13.f5 e5 14.Nb3 h6 15.Qe2 O-O 16.Rad1
Rfe8 17.Bf2 d5 18.Nxd5 Nxd5 19.exd5 Nf6 20.c4 e4 21.Bb1 Rac8 22.Rc1 Qd7 23.Bxb6
Qxa4 24.Nd2 Qb4 25.Qf2 Rc5 26.Bxe4 Qxb6 27.b4 Bd6 28.Rb1 Qc7 29.Bf3 a5 30.bxa5
Ba6 0-1

[Event "2. Bundesliga West 2010/11"]
[Site "Salzburg"]
[Date "2011.03.11"]
[Round "9"]
[Board "2"]
[White "Novkovic, Milan"]
[Black "Gatterer, Florian"]
[Result "1/2-1/2"]
[WhiteElo "2386"]
[BlackElo "2306"]
[PlyCount "97"]
[EventDate "2010.10.15"]
[EventType "team"]
[EventRounds "11"]
[EventCountry "AUT"]
[WhiteTeam "Dornbirn"]
[BlackTeam "Rochade Rum"]

1.Nf3 c5 2.c4 Nc6 3.Nc3 e5 4.g3 g6 5.Bg2 Bg7 6.d3 Nge7 7.Nd2 d6 8.Nf1 Rb8 9.Ne3
a6 10.Bd2 b5 11.Rb1 O-O 12.Ncd5 Nxd5 13.Nxd5 bxc4 14.dxc4 Bf5 15.e4 Be6 16.Qa4
Bxd5 17.cxd5 Nd4 18.O-O Qc8 19.Bc3 Kh8 20.Kh1 Qb7 21.b4 Ne2 22.Bd2 c4 23.Qd1 Nd4
24.a4 f5 25.exf5 Nxf5 26.Bc3 Qc7 27.Qc2 Rbc8 28.Qa2 Rf7 29.Rbc1 Nd4 30.Rcd1 Nf5
31.Qb2 Qd7 32.Ra1 Qb7 33.Qe2 Re7 34.Be4 Rf7 35.Rab1 Nd4 36.Qa2 Qc7 37.Kg2 Nf5
38.Rfd1 Qd7 39.Rdc1 Nd4 40.Bd2 Qc7 41.Be1 Nf5 42.b5 axb5 43.Rxb5 Qa7 44.Rxc4
Rcf8 45.a5 Ne3+ 46.fxe3 Qxe3 47.Qd2 Qxd2+ 48.Bxd2 Rf2+ 49.Kh3 1/2-1/2

[Event "2. Bundesliga West 2010/11"]
[Site "Salzburg"]
[Date "2011.03.11"]
[Round "9"]
[Board "4"]
[White "Novkovic, Julia"]
[Black "Hengl, Christian"]
[Result "0-1"]
[WhiteElo "2157"]
[BlackElo "2193"]
[PlyCount "68"]
[EventDate "2010.10.15"]
[EventType "team"]
[EventRounds "11"]
[EventCountry "AUT"]
[WhiteTeam "Dornbirn"]
[BlackTeam "Rochade Rum"]

1.e4 e6 2.d4 d5 3.Nd2 Nf6 4.e5 Nfd7 5.c3 c5 6.Bd3 Nc6 7.Ne2 cxd4 8.cxd4 f6
9.exf6 Nxf6 10.Nf3 Bd6 11.O-O Qc7 12.Bg5 O-O 13.Ng3 e5 14.dxe5 Nxe5 15.Bxf6 Rxf6
16.Bxh7+ Kxh7 17.Ng5+ Kg8 18.Qxd5+ Nf7 19.Rac1 Qd7 20.N5e4 Rh6 21.Ng5 Qe7 22.f4
Be6 23.Nxe6 Qxe6 24.Qf3 Re8 25.Rfd1 Rh4 26.Rd4 Qf6 27.Rdc4 Rxf4 28.Rxf4 Qxf4
29.Qxf4 Bxf4 30.Rc3 Bxg3 31.Rxg3 Re2 32.Rb3 Nd6 33.g4 Kf7 34.h4 Ke6 0-1

[Event "2. Bundesliga West 2010/11"]
[Site "Salzburg"]
[Date "2011.03.11"]
[Round "9"]
[Board "5"]
[White "Jedinger, Andreas"]
[Black "Kanonier, Clemens"]
[Result "1/2-1/2"]
[WhiteElo "2177"]
[BlackElo "2122"]
[PlyCount "54"]
[EventDate "2010.10.15"]
[EventType "team"]
[EventRounds "11"]
[EventCountry "AUT"]
[WhiteTeam "Rochade Rum"]
[BlackTeam "Dornbirn"]

1.e4 e5 2.Nf3 Nc6 3.Bb5 a6 4.Ba4 Nf6 5.O-O Nxe4 6.d4 b5 7.Bb3 d5 8.dxe5 Be6
9.Nbd2 Nc5 10.c3 d4 11.Bxe6 Nxe6 12.cxd4 Ncxd4 13.a4 Bb4 14.axb5 Nxb5 15.Qb3
Bxd2 16.Rxa6 Rb8 17.Rxe6+ fxe6 18.Bxd2 Qd5 19.Qb4 c5 20.Qf4 Rb7 21.Ra1 Ra7
22.Rxa7 Nxa7 23.Ng5 Rf8 24.Qa4+ Qd7 25.Qc2 Nc6 26.Qxc5 Rf5 27.Nf3 Nxe5 1/2-1/2

[Event "2. Bundesliga West 2010/11"]
[Site "Salzburg"]
[Date "2011.03.11"]
[Round "9"]
[Board "6"]
[White "Kessler, Luca"]
[Black "Mikulic, Oliver"]
[Result "1/2-1/2"]
[WhiteElo "2097"]
[BlackElo "2062"]
[PlyCount "62"]
[EventDate "2010.10.15"]
[EventType "team"]
[EventRounds "11"]
[EventCountry "AUT"]
[WhiteTeam "Dornbirn"]
[BlackTeam "Rochade Rum"]

1.d4 e6 2.e4 d5 3.Nd2 a6 4.Ngf3 Nf6 5.Bd3 c5 6.exd5 exd5 7.dxc5 Bxc5 8.Nb3 Be7
9.O-O O-O 10.h3 Nbd7 11.Re1 Re8 12.Bf4 Nc5 13.Bg5 Nce4 14.c3 Bd7 15.Qc2 Qc7
16.Nbd4 h6 17.Bxf6 Nxf6 18.Rad1 Rac8 19.Ne5 Bc5 20.Nxd7 Rxe1+ 21.Rxe1 Bxd4
22.Nxf6+ Bxf6 23.Qa4 g6 24.Qg4 h5 25.Qf3 Qd6 26.Rd1 b5 27.Bc2 d4 28.Bb3 Rc7
29.Qe4 Kh7 30.cxd4 Re7 31.Qd5 Qxd5 1/2-1/2

[Event "2. Bundesliga West 2010/11"]
[Site "Salzburg"]
[Date "2011.03.11"]
[Round "9"]
[Board "1"]
[White "Deglmann, Ludwig"]
[Black "Medvegy, Zoltan"]
[Result "1/2-1/2"]
[WhiteElo "2402"]
[BlackElo "2522"]
[PlyCount "119"]
[EventDate "2010.10.15"]
[EventType "team"]
[EventRounds "11"]
[EventCountry "AUT"]
[WhiteTeam "Sparkasse Jenbach 2"]
[BlackTeam "ATSV Ranshofen"]

1.d4 g6 2.c4 Bg7 3.e4 d6 4.Nf3 e5 5.Be2 Nc6 6.Be3 Bg4 7.d5 Bxf3 8.Bxf3 Nd4
9.Bxd4 exd4 10.Nd2 Ne7 11.O-O O-O 12.Rb1 c5 13.b4 cxb4 14.Rxb4 Qc7 15.Qb3 b6
16.Qd3 g5 17.Bh5 Ng6 18.Bxg6 hxg6 19.Nf3 Qe7 20.Nxd4 Bxd4 21.Qxd4 Rae8 22.Re1
Qe5 23.Qxe5 Rxe5 24.f3 f5 25.Rb3 Rc8 26.Rc3 fxe4 27.fxe4 Rce8 28.Ra3 Rxe4
29.Rxe4 Rxe4 30.Rxa7 Rxc4 31.Rd7 Ra4 32.Rxd6 Kf7 33.Rxb6 Rxa2 34.h3 Rd2 35.d6
Ke6 36.d7+ Kf5 37.Rb7 g4 38.hxg4+ Kxg4 39.Kf1 Kg3 40.Ke1 Rd6 41.Ke2 Kf4 42.g3+
Ke4 43.Ra7 g5 44.Rb7 g4 45.Ra7 Kf5 46.Ke3 Rd1 47.Rb7 Ke5 48.Rb5+ Kf6 49.Rb7 Ke5
50.Ke2 Rd4 51.Kf2 Rd2+ 52.Ke1 Rd3 53.Ke2 Rd4 54.Ra7 Kf5 55.Ke3 Rd1 56.Ra5+ Kf6
57.Ra6+ Ke5 58.Rg6 Rxd7 59.Rxg4 Kf5 60.Ra4 1/2-1/2

[Event "2. Bundesliga West 2010/11"]
[Site "Salzburg"]
[Date "2011.03.11"]
[Round "9"]
[Board "2"]
[White "Menacher, Manfred"]
[Black "Reich, Thomas"]
[Result "1/2-1/2"]
[WhiteElo "2290"]
[BlackElo "2350"]
[PlyCount "115"]
[EventDate "2010.10.15"]
[EventType "team"]
[EventRounds "11"]
[EventCountry "AUT"]
[WhiteTeam "ATSV Ranshofen"]
[BlackTeam "Sparkasse Jenbach 2"]

1.d4 g6 2.Nf3 Bg7 3.g3 Nf6 4.Bg2 O-O 5.c4 d6 6.O-O Nc6 7.Nc3 Bf5 8.h3 Ne4 9.Nd5
Bd7 10.Qc2 f5 11.e3 e5 12.Rd1 a5 13.b3 Nb4 14.Nxb4 axb4 15.dxe5 dxe5 16.Bb2 Qe7
17.c5 Bb5 18.Rd5 c6 19.Rdd1 g5 20.a4 bxa3 21.Bxa3 h5 22.Nh2 Qf7 23.g4 Nxf2
24.Qxf2 Qxb3 25.Bb2 Rxa1 26.Rxa1 fxg4 27.Qd2 gxh3 28.Bxh3 g4 29.Bg2 Qe6 30.Qb4
Qf5 31.Kh1 g3 32.Nf1 Qg5 33.Qe4 Rd8 34.Kg1 Bd3 35.Qb4 h4 36.Rd1 Bf5 37.Rxd8+
Qxd8 38.Qxb7 h3 39.Qb3+ Kh7 40.Bxc6 Qg5 41.e4 h2+ 42.Nxh2 gxh2+ 43.Kxh2 Qh6+
44.Kg1 Bh3 45.Qg3 Bf8 46.Ba3 Be6 47.Bd5 Bxd5 48.exd5 Bxc5+ 49.Bxc5 Qc1+ 50.Kh2
Qxc5 51.Qxe5 Kg6 52.Kh3 Qc8+ 53.Kg3 Qf5 54.Qe8+ Kf6 55.Qc6+ Ke5 56.Qc4 Qg6+
57.Kf3 Qf7+ 58.Ke3 1/2-1/2

[Event "2. Bundesliga West 2010/11"]
[Site "Salzburg"]
[Date "2011.03.11"]
[Round "9"]
[Board "3"]
[White "Micheli, Carlo"]
[Black "Dovzik, Juri"]
[Result "0-1"]
[WhiteElo "2263"]
[BlackElo "2381"]
[PlyCount "66"]
[EventDate "2010.10.15"]
[EventType "team"]
[EventRounds "11"]
[EventCountry "AUT"]
[WhiteTeam "Sparkasse Jenbach 2"]
[BlackTeam "ATSV Ranshofen"]

1.e4 c5 2.Nf3 e6 3.c3 Nf6 4.e5 Nd5 5.d4 cxd4 6.Qxd4 Nc6 7.Qe4 f5 8.exf6 Nxf6
9.Qc2 d5 10.Bb5 Bd6 11.Bg5 O-O 12.Nbd2 e5 13.O-O-O e4 14.Bxc6 bxc6 15.Nd4 Qc7
16.f3 exf3 17.gxf3 Bd7 18.Rde1 Qc8 19.Qd3 Rb8 20.Nf1 c5 21.Nc2 Bf5 22.Qd2 d4
23.Ng3 Bg6 24.Ne4 Nxe4 25.fxe4 Qb7 26.Na3 Be5 27.Qc2 dxc3 28.b3 Bf7 29.Qd3 Qb5
30.Nc4 Bxc4 31.Qxc4+ Qxc4 32.bxc4 Rf2 33.Be3 Rxa2 0-1

[Event "2. Bundesliga West 2010/11"]
[Site "Salzburg"]
[Date "2011.03.11"]
[Round "9"]
[Board "4"]
[White "Sadilek, Peter"]
[Black "Hoellrigl, Wilfried"]
[Result "1-0"]
[WhiteElo "2213"]
[BlackElo "2188"]
[PlyCount "81"]
[EventDate "2010.10.15"]
[EventType "team"]
[EventRounds "11"]
[EventCountry "AUT"]
[WhiteTeam "ATSV Ranshofen"]
[BlackTeam "Sparkasse Jenbach 2"]

1.Nf3 Nf6 2.c4 g6 3.Nc3 Bg7 4.d4 d6 5.e4 O-O 6.Be2 e5 7.O-O Nbd7 8.Be3 Ng4 9.Bg5
f6 10.Bh4 g5 11.Bg3 Nh6 12.d5 f5 13.exf5 Nxf5 14.Ne4 h6 15.Bd3 Nf6 16.Qc2 Nh5
17.c5 Nf4 18.Bc4 g4 19.Nfd2 h5 20.f3 Ne3 21.Qb3 Nxf1 22.Rxf1 h4 23.Be1 h3 24.g3
Ng2 25.Bf2 Bh6 26.Be2 gxf3 27.Bxf3 Bf5 28.Nc4 Bxe4 29.Bxe4 Qf6 30.cxd6 cxd6
31.Qxb7 Bg7 32.Qd7 Qh6 33.Qe6+ Kh8 34.Nxd6 Qxe6 35.dxe6 Rab8 36.b3 Bf6 37.Bxa7
Bg5 38.Nf7+ Kg7 39.Bxb8 Be3+ 40.Kh1 Rxb8 41.Nxe5 1-0

[Event "2. Bundesliga West 2010/11"]
[Site "Salzburg"]
[Date "2011.03.11"]
[Round "9"]
[Board "5"]
[White "Schnegg, Daniel"]
[Black "Ager, Josef"]
[Result "1/2-1/2"]
[WhiteElo "2199"]
[BlackElo "2213"]
[PlyCount "51"]
[EventDate "2010.10.15"]
[EventType "team"]
[EventRounds "11"]
[EventCountry "AUT"]
[WhiteTeam "Sparkasse Jenbach 2"]
[BlackTeam "ATSV Ranshofen"]

1.e4 e5 2.Nf3 Nc6 3.Bb5 a6 4.Ba4 Nf6 5.O-O Be7 6.Re1 b5 7.Bb3 d6 8.c3 Bg4 9.h3
Bh5 10.d4 O-O 11.a4 Qd7 12.Bg5 h6 13.Bxf6 Bxf6 14.Nxe5 dxe5 15.Qxh5 exd4 16.axb5
axb5 17.Rxa8 Rxa8 18.Qxb5 Rb8 19.Qa4 Qd6 20.Bd5 Ne7 21.cxd4 Nxd5 22.exd5 Qxd5
23.Re8+ Rxe8 24.Qxe8+ Kh7 25.Nc3 Qxd4 26.Qxf7 1/2-1/2

[Event "2. Bundesliga West 2010/11"]
[Site "Salzburg"]
[Date "2011.03.11"]
[Round "9"]
[Board "6"]
[White "Riediger, Martin"]
[Black "Schnegg, Anna-Lena"]
[Result "1-0"]
[WhiteElo "2252"]
[BlackElo "1893"]
[PlyCount "43"]
[EventDate "2010.10.15"]
[EventType "team"]
[EventRounds "11"]
[EventCountry "AUT"]
[WhiteTeam "ATSV Ranshofen"]
[BlackTeam "Sparkasse Jenbach 2"]

1.c4 c5 2.g3 Nf6 3.Bg2 d5 4.cxd5 Nxd5 5.Nc3 Nc7 6.d3 e5 7.Be3 Be7 8.Rc1 O-O
9.Na4 Ne6 10.Nxc5 Nxc5 11.Bxc5 Bxc5 12.Rxc5 Qb6 13.Qc2 Nc6 14.Bxc6 bxc6 15.Nf3
Bh3 16.Ng5 Bg2 17.Rg1 Bd5 18.e4 Bxa2 19.Rxc6 Qd4 20.Nf3 Qb4+ 21.Qc3 Rfb8 22.Rc8+
1-0

[Event "2. Bundesliga West 2010/11"]
[Site "Salzburg"]
[Date "2011.03.11"]
[Round "9"]
[Board "1"]
[White "Bayer, Bernhard"]
[Black "Zelcic, Robert"]
[Result "1/2-1/2"]
[WhiteElo "2393"]
[BlackElo "2554"]
[PlyCount "150"]
[EventDate "2010.10.15"]
[EventType "team"]
[EventRounds "11"]
[EventCountry "AUT"]
[WhiteTeam "Schwaz"]
[BlackTeam "Schwarzach"]

1.d4 Nf6 2.Nf3 e6 3.c4 c5 4.Nc3 cxd4 5.Nxd4 Bb4 6.Ndb5 O-O 7.a3 Bxc3+ 8.Nxc3 d5
9.Bg5 h6 10.Bxf6 Qxf6 11.cxd5 exd5 12.g3 d4 13.Nd5 Qe5 14.Bg2 Bh3 15.Bxh3 Qxd5
16.O-O Nc6 17.Rc1 Qb5 18.b4 a5 19.bxa5 Rxa5 20.Bg2 Rd8 21.Rb1 Qa6 22.a4 g6
23.Qc2 Re8 24.Be4 Nd8 25.Bd3 Qc6 26.Qd2 Rh5 27.Rb5 Ree5 28.Rc1 Qe6 29.Rxe5 Qxe5
30.Rc8 Qe7 31.Qf4 Rc5 32.Ra8 Qd7 33.Qf6 Rc8 34.Rxc8 Qxc8 35.Qxd4 Ne6 36.Qd6 h5
37.h4 Kg7 38.Qe5+ Kg8 39.Qf6 Qd7 40.Kh2 Qc6 41.Bb5 Qc7 42.e4 Nf8 43.e5 Ne6
44.Bf1 Qc3 45.Bg2 Qa5 46.Bh3 Nf8 47.e6 fxe6 48.Bxe6+ Nxe6 49.Qxe6+ Kg7 50.Qe7+
Kg8 51.Qe8+ Kg7 52.Qd7+ Kf6 53.Qd4+ Kf7 54.Kg2 b6 55.Kf3 Kg8 56.Qf6 Qa8+ 57.Ke3
Kh7 58.Qxb6 Qxa4 59.Qc7+ Kg8 60.Qd8+ Kh7 61.Qe7+ Kg8 62.Qe6+ Kg7 63.Qe5+ Kh7
64.Qe7+ Kg8 65.Qf6 Qe8+ 66.Kf4 Kh7 67.Qe5 Qf8+ 68.Ke3 Qa3+ 69.Ke2 Qa6+ 70.Kf3
Qb7+ 71.Qe4 Qf7+ 72.Kg2 Qd7 73.f3 Qd2+ 74.Kh3 Qc1 75.Qe7+ Kh6 1/2-1/2

[Event "2. Bundesliga West 2010/11"]
[Site "Salzburg"]
[Date "2011.03.11"]
[Round "9"]
[Board "2"]
[White "Krstic, Uros"]
[Black "Fuchs, Georg"]
[Result "0-1"]
[WhiteElo "2410"]
[BlackElo "2292"]
[PlyCount "88"]
[EventDate "2010.10.15"]
[EventType "team"]
[EventRounds "11"]
[EventCountry "AUT"]
[WhiteTeam "Schwarzach"]
[BlackTeam "Schwaz"]

1.e4 e5 2.d4 exd4 3.Nf3 Nc6 4.Nxd4 Nf6 5.Nxc6 bxc6 6.Nd2 Bc5 7.Bd3 O-O 8.O-O Re8
9.h3 d5 10.exd5 cxd5 11.Nb3 Bd6 12.Qf3 c5 13.Bb5 Re5 14.Qd1 c4 15.Nd4 Rh5 16.Re1
Bxh3 17.gxh3 Rxh3 18.Bg5 Qc8 19.Ne6 fxe6 20.Bxf6 Rh6 21.Bc3 Qb7 22.Qd4 Rg6+
23.Kf1 e5 24.Ba6 Qc6 25.Rxe5 Bxe5 26.Qxe5 Re8 27.Bb7 Rxe5 28.Bxc6 Rh5 29.Bxd5+
Rxd5 30.Re1 h5 31.Re3 Rd1+ 32.Ke2 Rh1 33.Re8+ Kf7 34.Ra8 a6 35.Ra7+ Kg8 36.Ra8+
Kh7 37.Rc8 h4 38.Rxc4 h3 39.Rh4+ Rh6 40.Rxh6+ Kxh6 41.Kf3 Rg1 42.Be5 g5 43.c4
g4+ 44.Ke2 g3 0-1

[Event "2. Bundesliga West 2010/11"]
[Site "Salzburg"]
[Date "2011.03.11"]
[Round "9"]
[Board "3"]
[White "Blaas, Hansjoerg"]
[Black "Hecht, Hans-Joachim"]
[Result "1/2-1/2"]
[WhiteElo "2240"]
[BlackElo "2374"]
[PlyCount "71"]
[EventDate "2010.10.15"]
[EventType "team"]
[EventRounds "11"]
[EventCountry "AUT"]
[WhiteTeam "Schwaz"]
[BlackTeam "Schwarzach"]

1.e4 e6 2.d4 d5 3.Nd2 Nf6 4.e5 Nfd7 5.c3 c5 6.f4 Nc6 7.Ngf3 cxd4 8.Nxd4 Nxd4
9.cxd4 Qb6 10.Nf3 Nb8 11.Bd3 Nc6 12.Bb1 Bd7 13.O-O Be7 14.Rf2 h5 15.Be3 g6 16.g3
a5 17.h3 a4 18.Bd3 Nb4 19.Bf1 Bb5 20.a3 Bxf1 21.Qxf1 Nc6 22.g4 hxg4 23.hxg4 Na5
24.Qe2 Nc4 25.Rc1 Qb3 26.Rc3 Qa2 27.Qc2 b5 28.f5 gxf5 29.gxf5 Kd7 30.f6 Rag8+
31.Bg5 Bd8 32.Rg2 Ba5 33.b4 Qxc2 34.Rcxc2 Bb6 35.Bc1 Ke8 36.Rg7 1/2-1/2

[Event "2. Bundesliga West 2010/11"]
[Site "Salzburg"]
[Date "2011.03.11"]
[Round "9"]
[Board "4"]
[White "Ljubic, Juro"]
[Black "Gruber, Michael"]
[Result "1-0"]
[WhiteElo "2186"]
[BlackElo "2133"]
[PlyCount "51"]
[EventDate "2010.10.15"]
[EventType "team"]
[EventRounds "11"]
[EventCountry "AUT"]
[WhiteTeam "Schwarzach"]
[BlackTeam "Schwaz"]

1.e4 e5 2.Nc3 Nc6 3.g3 Bc5 4.Bg2 d6 5.d3 Nf6 6.Na4 Bg4 7.f3 Bxg1 8.fxg4 Bc5
9.Nxc5 dxc5 10.g5 Nd7 11.c3 Qe7 12.Be3 O-O-O 13.Qb3 Nb6 14.Qb5 a6 15.Qxc5 Qxc5
16.Bxc5 Rxd3 17.O-O Nd7 18.Bh3 Kd8 19.Ba3 Ke8 20.Rf2 h6 21.Bf1 Re3 22.Bc4 f6
23.g6 Nd8 24.Rd1 Nb6 25.Bb3 Rxe4 26.Rdd2 1-0

[Event "2. Bundesliga West 2010/11"]
[Site "Salzburg"]
[Date "2011.03.11"]
[Round "9"]
[Board "6"]
[White "Stoeckl, Norbert"]
[Black "Streiter, Gerhard"]
[Result "1/2-1/2"]
[WhiteElo "2053"]
[BlackElo "2004"]
[PlyCount "110"]
[EventDate "2010.10.15"]
[EventType "team"]
[EventRounds "11"]
[EventCountry "AUT"]
[WhiteTeam "Schwarzach"]
[BlackTeam "Schwaz"]

1.e4 c5 2.Nf3 d6 3.d4 cxd4 4.Nxd4 Nf6 5.Nc3 g6 6.Be3 Bg7 7.f3 O-O 8.Qd2 Nc6 9.g4
Be6 10.h4 d5 11.h5 Nxd4 12.Bxd4 dxe4 13.O-O-O Qa5 14.h6 Bh8 15.g5 Nh5 16.Bxh8
Kxh8 17.Nxe4 Qxd2+ 18.Rxd2 Rfd8 19.Rhh2 b6 20.Ba6 Kg8 21.c4 f5 22.Nc3 Nf4 23.Kc2
Kf7 24.b3 Bd7 25.Nd5 Nxd5 26.cxd5 Bc8 27.Bc4 Rd6 28.Rhe2 Bd7 29.a4 a6 30.Re5 b5
31.Rde2 Re8 32.axb5 axb5 33.Bd3 e6 34.dxe6+ Rdxe6 35.Rxe6 Rxe6 36.Rxe6 Kxe6
37.f4 Kd5 38.Kc3 b4+ 39.Kxb4 Kd4 40.Bb5 Bxb5 41.Kxb5 Ke3 42.Kc5 Kxf4 43.b4 Ke3
44.b5 f4 45.b6 f3 46.b7 f2 47.b8=Q f1=Q 48.Qe5+ Kd2 49.Qd4+ Kc2 50.Qc4+ Qxc4+
51.Kxc4 Kb2 52.Kb4 Kc2 53.Kc5 Kc3 54.Kd5 Kd3 55.Ke5 Kc4 1/2-1/2

[Event "2. Bundesliga West 2010/11"]
[Site "Salzburg"]
[Date "2011.03.11"]
[Round "9"]
[Board "1"]
[White "Schmidt, Georg"]
[Black "Hommeles, Theo"]
[Result "1-0"]
[WhiteElo "2362"]
[BlackElo "2426"]
[PlyCount "107"]
[EventDate "2010.10.15"]
[EventType "team"]
[EventRounds "11"]
[EventCountry "AUT"]
[WhiteTeam "Mozart 1910"]
[BlackTeam "Bregenz"]

1.e4 d6 2.d4 Nf6 3.Nc3 e5 4.dxe5 dxe5 5.Qxd8+ Kxd8 6.Bc4 Be6 7.Bxe6 fxe6 8.Be3
Nbd7 9.f3 a6 10.Nge2 Bd6 11.Nb1 Ke7 12.Nd2 Rhc8 13.a4 b5 14.Kf2 Nc5 15.Nc3 c6
16.Ra2 Nfd7 17.Ke2 Nb6 18.axb5 axb5 19.Rha1 Rxa2 20.Rxa2 Ra8 21.Rxa8 Nxa8
22.Bxc5 Bxc5 23.Kd3 Nb6 24.b3 Nd7 25.Ne2 Bf2 26.c4 Kd6 27.b4 Kc7 28.Nc3 Kb6
29.Ndb1 bxc4+ 30.Kxc4 Be1 31.Na4+ Kc7 32.Na3 Kd6 33.Kb3 Bf2 34.Nc4+ Kc7 35.Nab2
Bg1 36.h3 Bd4 37.Nd3 g5 38.g4 Ba1 39.Ndb2 Nf8 40.Nxe5 Kd6 41.Nbc4+ Kc7 42.Kc2 h6
43.Kd3 Nd7 44.Ng6 Bg7 45.f4 Nb8 46.e5 Na6 47.Kc3 gxf4 48.Nxf4 Kd7 49.Nd3 Nc7
50.Kd4 Nd5 51.Na5 Kc7 52.Nc5 Kb6 53.Nxe6 Bh8 54.Nc4+ 1-0

[Event "2. Bundesliga West 2010/11"]
[Site "Salzburg"]
[Date "2011.03.11"]
[Round "9"]
[Board "2"]
[White "Weindl, Alfred"]
[Black "Panteleev, Petar"]
[Result "0-1"]
[WhiteElo "2374"]
[BlackElo "2329"]
[PlyCount "112"]
[EventDate "2010.10.15"]
[EventType "team"]
[EventRounds "11"]
[EventCountry "AUT"]
[WhiteTeam "Bregenz"]
[BlackTeam "Mozart 1910"]

1.d4 Nf6 2.Bg5 d5 3.Bxf6 exf6 4.e3 Bd6 5.g3 c6 6.Bg2 f5 7.Ne2 Nd7 8.Nd2 Nf6 9.c4
dxc4 10.Nxc4 Be7 11.O-O Be6 12.Qc2 Nd5 13.a3 a5 14.Ne5 O-O 15.Nd3 g6 16.Nef4
Nxf4 17.Nxf4 Bc8 18.d5 c5 19.Nd3 Qd6 20.b4 axb4 21.axb4 Rxa1 22.Rxa1 cxb4 23.Rb1
Bd7 24.Nxb4 Rc8 25.Qd1 Rc4 26.Nd3 b5 27.Nf4 Bf6 28.h4 Kg7 29.Bf1 Rc5 30.Bg2 Rc8
31.Ne2 Rc4 32.Nf4 Rb4 33.Rxb4 Qxb4 34.Nd3 Qc3 35.Qb1 Be7 36.Nf4 Bf6 37.Bf1 b4
38.Bd3 b3 39.Ne2 Qa1 40.Qxa1 Bxa1 41.Nc1 Ba4 42.Bb1 Kf8 43.f3 Ke7 44.Kf2 Kd6
45.e4 fxe4 46.fxe4 Kc5 47.Ke3 Bd4+ 48.Kd2 h5 49.Nd3+ Kc4 50.d6 Bd7 51.e5 Kd5
52.Nf4+ Kxe5 53.Ne2 Bb2 54.Bd3 Kxd6 55.Bc4 Be6 56.Kd3 Be5 0-1

[Event "2. Bundesliga West 2010/11"]
[Site "Salzburg"]
[Date "2011.03.11"]
[Round "9"]
[Board "3"]
[White "Hanel, Reinhard"]
[Black "Herbrechtsmeier, Christof"]
[Result "1/2-1/2"]
[WhiteElo "2275"]
[BlackElo "2288"]
[PlyCount "72"]
[EventDate "2010.10.15"]
[EventType "team"]
[EventRounds "11"]
[EventCountry "AUT"]
[WhiteTeam "Mozart 1910"]
[BlackTeam "Bregenz"]

1.c4 Nf6 2.Nc3 d5 3.d4 g6 4.cxd5 Nxd5 5.g3 Bg7 6.Bg2 Nb6 7.Nf3 Nc6 8.e3 O-O
9.O-O e5 10.d5 Na5 11.e4 c6 12.Bg5 f6 13.Be3 cxd5 14.Bxb6 Qxb6 15.Nxd5 Qd8
16.Rc1 Nc6 17.Qb3 Rf7 18.Rfd1 Be6 19.Qa4 Qf8 20.h3 Rd8 21.Nc3 Rfd7 22.Rxd7 Rxd7
23.Rd1 Qb4 24.Rxd7 Bxd7 25.Qd1 Be6 26.Qd2 Bf8 27.a3 Qc5 28.Nd5 Kg7 29.Bf1 Ne7
30.b4 Qd6 31.Bc4 Nxd5 32.Bxd5 Bxd5 33.exd5 a5 34.bxa5 Qxa3 35.Kg2 Qb4 36.Qa2 Qa3
1/2-1/2